|
|
|
|
| LEADER |
00993nam a2200313 4500 |
| 001 |
DLU090093338 |
| 005 |
##20091201 |
| 040 |
# |
# |
|a DLU
|b eng
|
| 041 |
# |
# |
|a eng
|
| 044 |
# |
# |
|a jp
|
| 100 |
# |
# |
|a Rocca, Elisabetta.
|
| 245 |
# |
# |
|a Asymptotic analysis of a conserved phase-field model with memory for vanishing time relaxation /
|c Elisabetta Rocca.
|
| 653 |
# |
# |
|a Cauchy-Neumann problem
|
| 653 |
# |
# |
|a Convergence
|
| 653 |
# |
# |
|a Fourier heat conduction law
|
| 653 |
# |
# |
|a Gurtin-Pipkin type
|
| 653 |
# |
# |
|a Phase-field models
|
| 653 |
# |
# |
|a Uniqueness
|
| 653 |
# |
# |
|a Volterra integro-differential equations
|
| 773 |
# |
# |
|t Advances in Mathematical Sciences and Applications
|g Vol. 10, no. 2 (2000), p. 899-916
|
| 920 |
# |
# |
|a Phòng Tạp chí -- Trung tâm Thông tin - Thư viện Trường Đại học Đà Lạt
|
| 994 |
# |
# |
|a DLU
|
| 900 |
# |
# |
|a True
|
| 911 |
# |
# |
|a Trương Bảo Trâm Anh
|
| 925 |
# |
# |
|a G
|
| 926 |
# |
# |
|a A
|
| 927 |
# |
# |
|a BB
|
| 980 |
# |
# |
|a Thư viện Trường Đại học Đà Lạt
|